[Event "HUN-chT4 2223"]
[Site "Gyor"]
[Date "2023.04.02"]
[Round "7"]
[White "Hajba, Tamas"]
[Black "Nagy, Tibor"]
[Result "1-0"]
[WhiteElo "1837"]
[BlackElo "1644"]
[PlyCount "85"]
[EventDate "2022.10.09"]
[EventType "team-tourn"]
[EventRounds "7"]
[EventCountry "HUN"]
[SourceTitle "EXT 2024"]
[Source "ChessBase"]
[SourceDate "2023.10.10"]
[SourceVersion "1"]
[SourceVersionDate "2023.10.10"]
[SourceQuality "1"]
[WhiteTeam "Gyor Szechenyi II"]
[BlackTeam "Level KSE"]
[WhiteTeamCountry "HUN"]
[BlackTeamCountry "HUN"]

1. d4 d5 2. Bf4 e6 3. Nf3 Nc6 4. e3 Nf6 5. Bd3 Be7 6. h3 h6 7. Nbd2 a6 8. c3 0-0 9. 0-0 Bd6 10. Ne5 Ne7 11. Qf3 Ne8 12. Ng4 Bxf4 13. Qxf4 Ng6 14. Bxg6 fxg6 15. Qg3 Kh7 16. Ne5 Rf6 17. Rac1 Nd6 18. f4 Nf5 19. Qf2 Bd7 20. g4 Ne7 21. Ndf3 Be8 22. Kh2 Rc8 23. Rg1 c5 24. Rc2 cxd4 25. cxd4 Rxc2 26. Qxc2 Qd6 27. Rc1 Nc6 28. Qc5 Qb8 29. Qb6 Rf8 30. Kg2 Qc8 31. Rc3 Qa8 32. Qc7 g5 33. Nxc6 bxc6 34. Qd6 Bg6 35. Rxc6 Be4 36. Kg3 gxf4+ 37. exf4 Rf6 38. Rxa6 Qb7 39. Rb6 Qa7 40. Ra6 Qb7 41. Qb6 Qc8 42. Ra7 Qc1 43. Qc7 1-0

[Event "HUN-chT4 2223"]
[Site "Gyor"]
[Date "2022.12.11"]
[Round "3"]
[White "Gyurika, Tamas"]
[Black "Nagy, Tibor"]
[Result "1-0"]
[WhiteElo "1908"]
[BlackElo "1644"]
[PlyCount "99"]
[EventDate "2022.10.09"]
[EventType "team-tourn"]
[EventRounds "7"]
[EventCountry "HUN"]
[SourceTitle "EXT 2024"]
[Source "ChessBase"]
[SourceDate "2023.10.10"]
[SourceVersion "1"]
[SourceVersionDate "2023.10.10"]
[SourceQuality "1"]
[WhiteTeam "Sopron MAFC"]
[BlackTeam "Level KSE"]
[WhiteTeamCountry "HUN"]
[BlackTeamCountry "HUN"]

1. e4 e5 2. Nf3 Nc6 3. d4 exd4 4. Bc4 Be7 5. c3 Nf6 6. e5 Ne4 7. cxd4 d5 8. Bb3 Bg4 9. Qd3 0-0 10. Nc3 Bb4 11. Bd2 Bf5 12. Qb5 Nxd2 13. Nxd2 Be6 14. Qxb7 Bd7 15. Nxd5 Bxd2+ 16. Kxd2 Qg5+ 17. Ne3 Nxd4 18. Bxf7+ Kh8 19. Qd5 Rad8 20. f4 Qe7 21. Qxd4 Be6 22. Nd5 Rxd5 23. Qxd5 Bxd5 24. Bxd5 Rd8 25. Ke2 Rxd5 26. Rhd1 Rxd1 27. Rxd1 h6 28. Kf3 Qf7 29. g4 Qxa2 30. Ke4 Qxb2 31. Rd7 Qc2+ 32. Kd5 Qb3+ 33. Ke4 Qc2+ 34. Kd5 Qxh2 35. e6 Qa2+ 36. Ke5 Qe2+ 37. Kf5 Qb5+ 38. Kg6 Qb8 39. Kf7 c6 40. f5 Qe5 41. Rxa7 h5 42. e7 Qf6+ 43. Ke8 Kg8 44. Ra8 Qd6 45. g5 c5 46. Rc8 h4 47. f6 gxf6 48. gxf6 Qe6 49. f7+ Kh7 50. f8N+ 1-0

[Event "Level op 7th"]
[Site "Level"]
[Date "2019.05.11"]
[Round "5"]
[White "Toth, Lili1"]
[Black "Nagy, Tibor"]
[Result "1-0"]
[WhiteElo "1464"]
[BlackElo "1715"]
[PlyCount "81"]
[EventDate "2019.05.10"]
[EventType "swiss"]
[EventRounds "7"]
[EventCountry "HUN"]
[SourceTitle "EXT 2021"]
[Source "ChessBase"]
[SourceDate "2020.10.23"]
[SourceVersion "1"]
[SourceVersionDate "2020.10.23"]
[SourceQuality "1"]

1. d4 d5 2. c4 Nf6 3. Nc3 e6 4. Nf3 Bb4 5. e3 0-0 6. Bd3 Ne4 7. Qc2 f5 8. 0-0 c6 9. cxd5 cxd5 10. Ne5 Bd6 11. f4 Nd7 12. Nxe4 dxe4 13. Bc4 Nf6 14. Qb3 Qe8 15. Bd2 a5 16. a4 Bxe5 17. fxe5 Ng4 18. h3 Nh6 19. Qb6 Kh8 20. Bxa5 Bd7 21. b3 g5 22. Bb4 Rf7 23. d5 exd5 24. Bxd5 Rg7 25. Qxh6 Qxe5 26. Qd6 Qe8 27. Bc3 Ra6 28. Bxg7+ Kxg7 29. Qc5 Rg6 30. Qd4+ Kh6 31. Bxb7 g4 32. hxg4 Rxg4 33. Qd6+ Rg6 34. Qf4+ Kg7 35. Rac1 Rg4 36. Qd6 Rg6 37. Qd4+ Kh6 38. Kf2 Qb8 39. Rh1+ Kg5 40. Qxd7 Kg4 41. Qc7 1-0

[Event "HUN-chT4 1617"]
[Site "Hungary"]
[Date "2017.04.23"]
[Round "7.2"]
[White "Balogh, Anett"]
[Black "Nagy, Tibor"]
[Result "0-1"]
[WhiteElo "1396"]
[BlackElo "1704"]
[PlyCount "38"]
[EventDate "2016.10.02"]
[EventType "team-tourn"]
[EventRounds "7"]
[EventCountry "HUN"]
[SourceTitle "EXT 2019"]
[Source "ChessBase"]
[SourceDate "2018.10.10"]
[SourceVersion "1"]
[SourceVersionDate "2018.10.10"]
[SourceQuality "1"]

1. e4 e5 2. Bc4 Nf6 3. Nc3 Be7 4. d3 0-0 5. Be3 d6 6. h3 c6 7. Qe2 d5 8. exd5 cxd5 9. Bxd5 Nxd5 10. Nxd5 Qxd5 11. Nf3 Nd7 12. g4 b6 13. Rg1 Bb7 14. Nd2 Rac8 15. c3 Ba6 16. c4 Qe6 17. Rc1 Nc5 18. b4 Nd7 19. b5 Bxb5 0-1

[Event "HUN-chT4 1617"]
[Site "Hungary"]
[Date "2016.12.04"]
[Round "3.2"]
[White "Nagy, Tibor"]
[Black "Janosik, Mate"]
[Result "1-0"]
[WhiteElo "1725"]
[BlackElo "1416"]
[PlyCount "95"]
[EventDate "2016.10.02"]
[EventType "team-tourn"]
[EventRounds "7"]
[EventCountry "HUN"]
[SourceTitle "EXT 2019"]
[Source "ChessBase"]
[SourceDate "2018.10.10"]
[SourceVersion "1"]
[SourceVersionDate "2018.10.10"]
[SourceQuality "1"]

1. e4 c5 2. Nf3 e6 3. c3 d5 4. exd5 exd5 5. Be2 Nf6 6. 0-0 Bd6 7. d4 0-0 8. Bg5 Nc6 9. dxc5 Bxc5 10. Bb5 Qb6 11. Bxf6 gxf6 12. a4 a6 13. Bxc6 bxc6 14. b4 Bd6 15. Nbd2 Bg4 16. h3 Bh5 17. Qc2 Be5 18. Nxe5 fxe5 19. Qf5 Bg6 20. Qxe5 Rfe8 21. Qg5 Re2 22. Nf3 Rae8 23. Nh2 R8e5 24. Qg3 h6 25. Ng4 Re6 26. Nxh6+ Kh7 27. Ng4 f5 28. Qh4+ Kg7 29. Qh6+ Kf7 30. Ne3 R6xe3 31. fxe3 Rxe3 32. Kh1 Rxc3 33. b5 axb5 34. Qh8 d4 35. Rae1 Re3 36. axb5 Qxb5 37. Ra1 Qe5 38. Ra7+ Ke6 39. Qc8+ Kf6 40. Qd8+ Ke6 41. Re7+ Kf6 42. Rxe5+ Kxe5 43. Qh8+ Ke4 44. Qh4+ Kd5 45. Qd8+ Ke4 46. Qd6 Be8 47. Qf4+ Kd3 48. Rd1+ 1-0

[Event "HUN-chT4 Chalupetzky 1516"]
[Site "Fertoszentmiklos"]
[Date "2016.04.10"]
[Round "7.7"]
[White "Balogh, Anett"]
[Black "Nagy, Tibor"]
[Result "0-1"]
[WhiteElo "1384"]
[BlackElo "1709"]
[PlyCount "36"]
[EventDate "2015.10.11"]
[EventType "team-tourn"]
[EventRounds "7"]
[EventCountry "HUN"]
[SourceTitle "EXT 2017"]
[Source "ChessBase"]
[SourceDate "2016.10.25"]
[SourceVersion "1"]
[SourceVersionDate "2016.10.25"]
[SourceQuality "1"]
[WhiteTeam "Lovo II"]
[BlackTeam "Level KSE"]
[WhiteTeamCountry "HUN"]
[BlackTeamCountry "HUN"]

1. e4 e5 2. Bc4 Nf6 3. d3 Be7 4. Nf3 d6 5. h3 c6 6. b3 b5 7. Bxf7+ Kxf7 8. Bb2 Re8 9. Nc3 Kg8 10. Qe2 a5 11. 0-0-0 b4 12. Na4 Nbd7 13. Ba1 Qc7 14. Nh4 Nf8 15. g4 Nxe4 16. Qxe4 Bxh4 17. f3 Ng6 18. Kb1 Be6 0-1

[Event "Level op-B 4th"]
[Site "Level"]
[Date "2016.03.13"]
[Round "5"]
[White "Nagy, Tibor"]
[Black "Javorka, Janos"]
[Result "0-1"]
[WhiteElo "1695"]
[BlackElo "1431"]
[PlyCount "42"]
[EventDate "2016.03.11"]
[EventType "swiss"]
[EventRounds "9"]
[EventCountry "HUN"]
[SourceTitle "EXT 2017"]
[Source "ChessBase"]
[SourceDate "2016.10.25"]
[SourceVersion "1"]
[SourceVersionDate "2016.10.25"]
[SourceQuality "1"]

1. e4 g6 2. Nf3 Bg7 3. c3 d6 4. h3 e5 5. Bc4 Nf6 6. d4 0-0 7. Bg5 Qe8 8. dxe5 Nxe4 9. 0-0 Nxg5 10. Nxg5 Qxe5 11. f4 Qc5+ 12. Kh1 Qxc4 13. Nd2 Qd5 14. Qe2 Bf5 15. Rad1 Bd3 16. Qf3 Qxf3 17. Rxf3 Be2 18. Re1 Bxf3 19. Ngxf3 Nc6 20. a3 Rfe8 21. Rc1 Re2 0-1

[Event "Level op-B 4th"]
[Site "Level"]
[Date "2016.03.12"]
[Round "4"]
[White "Boros, Krisztian"]
[Black "Nagy, Tibor"]
[Result "1-0"]
[WhiteElo "1514"]
[BlackElo "1695"]
[PlyCount "75"]
[EventDate "2016.03.11"]
[EventType "swiss"]
[EventRounds "9"]
[EventCountry "HUN"]
[SourceTitle "EXT 2017"]
[Source "ChessBase"]
[SourceDate "2016.10.25"]
[SourceVersion "1"]
[SourceVersionDate "2016.10.25"]
[SourceQuality "1"]

1. e4 e5 2. Nf3 d6 3. Bc4 Be7 4. h3 Nf6 5. d3 0-0 6. 0-0 Nbd7 7. Re1 c6 8. Nc3 Re8 9. a4 Qa5 10. Bd2 Qd8 11. Qb1 Nf8 12. Qa2 Be6 13. Ng5 d5 14. exd5 Bxd5 15. Nxd5 cxd5 16. Bb3 h6 17. Nf3 Ng6 18. Nxe5 Nh8 19. Nf3 Qd6 20. Nd4 Qd7 21. Nf3 Bd6 22. Kh1 Qf5 23. Bc3 g5 24. Bxf6 Qxf6 25. Bxd5 h5 26. Qc4 Qh6 27. Kg1 Rac8 28. Rxe8+ Rxe8 29. Qd4 b6 30. b4 Qg6 31. Be4 Qh6 32. Qd5 Be7 33. Qd7 Kf8 34. Qf5 Qg7 35. Rb1 Ng6 36. Nxg5 Nh4 37. Ne6+ Kg8 38. Nxg7 1-0

[Event "HUN-chT4a 1516"]
[Site "Hungary"]
[Date "2016.02.06"]
[Round "5.4"]
[White "Balogh, Akos"]
[Black "Nagy, Tibor"]
[Result "0-1"]
[WhiteElo "1577"]
[BlackElo "1695"]
[PlyCount "89"]
[EventDate "2015.10.17"]
[EventType "team-tourn"]
[EventRounds "8"]
[EventCountry "HUN"]
[SourceTitle "EXT 2019"]
[Source "ChessBase"]
[SourceDate "2018.10.10"]
[SourceVersion "1"]
[SourceVersionDate "2018.10.10"]
[SourceQuality "1"]

1. d4 d5 2. Nf3 Nf6 3. Bg5 e6 4. e3 Be7 5. c4 Nbd7 6. Nc3 0-0 7. Bd3 c5 8. 0-0 Re8 9. Rc1 a6 10. a4 Qb6 11. Qc2 dxc4 12. Bxc4 Qc7 13. b3 cxd4 14. exd4 Ba3 15. Ra1 Bb4 16. Rfc1 b6 17. Qd3 Bb7 18. Na2 Ba3 19. Rc2 Be4 20. Qe2 Bxc2 21. Qxc2 b5 22. Bd3 Qxc2 23. Bxc2 bxa4 24. bxa4 h6 25. Bd2 Rec8 26. Bd3 a5 27. Bb5 Nb6 28. Nc1 Ne4 29. Be3 Bb2 30. Rb1 Ba3 31. Ra1 Bb4 32. Nd3 f6 33. Nxb4 axb4 34. Nd2 Nc3 35. d5 Nbxd5 36. Bd7 Rd8 37. Bxe6+ Kh8 38. Bxd5 Rxd5 39. Nc4 Rxa4 40. Re1 Rd1 41. Kf1 Raa1 42. Bd2 Rab1 43. f3 Nd5 44. Ke2 Nf4+ 45. Kf1 0-1

[Event "HUN-chT4b 1415"]
[Site "Hungary"]
[Date "2015.04.25"]
[Round "7.3"]
[White "Nagy, Tibor"]
[Black "Pesti, Mate"]
[Result "0-1"]
[WhiteElo "1744"]
[BlackElo "1602"]
[PlyCount "80"]
[EventDate "2014.10.04"]
[EventType "team-tourn"]
[EventRounds "7"]
[EventCountry "HUN"]
[SourceTitle "EXT 2016"]
[Source "ChessBase"]
[SourceDate "2015.10.08"]
[SourceVersion "1"]
[SourceVersionDate "2015.10.08"]
[SourceQuality "1"]

1. e4 c5 2. Nf3 Nc6 3. c3 g6 4. Bb5 Bg7 5. 0-0 Nf6 6. d3 0-0 7. Nbd2 d5 8. h3 a6 9. Ba4 h6 10. Re1 Be6 11. a3 Qc7 12. Bc2 Rfd8 13. d4 dxe4 14. Nxe4 Nxe4 15. Bxe4 Bd5 16. Bxd5 Rxd5 17. c4 Rdd8 18. d5 e6 19. Qa4 exd5 20. cxd5 Rxd5 21. Qc4 Rad8 22. Rb1 Nd4 23. Nh2 b5 24. Qa2 c4 25. Ng4 Kh7 26. Be3 Nb3 27. Rf1 f5 28. Nh2 f4 29. Bc1 Rd1 30. a4 Rxf1+ 31. Nxf1 Rd1 32. Bxf4 Rxf1+ 33. Rxf1 Qxf4 34. axb5 axb5 35. Qa7 Qd4 36. Qb7 Qe5 37. Rd1 Qxb2 38. Qxb5 c3 39. Qe8 c2 40. Rd8 c1Q+ 0-1

[Event "HUN-chT4a 1415"]
[Site "Hungary"]
[Date "2015.03.08"]
[Round "6.3"]
[White "Erky, Tamas"]
[Black "Nagy, Tibor"]
[Result "0-1"]
[WhiteElo "1624"]
[BlackElo "1795"]
[PlyCount "90"]
[EventDate "2014.10.19"]
[EventType "team-tourn"]
[EventRounds "7"]
[EventCountry "HUN"]
[SourceTitle "EXT 2016"]
[Source "ChessBase"]
[SourceDate "2015.10.08"]
[SourceVersion "1"]
[SourceVersionDate "2015.10.08"]
[SourceQuality "1"]

1. e4 e5 2. Nf3 Nc6 3. Bb5 Bc5 4. c3 Nf6 5. 0-0 0-0 6. d4 exd4 7. cxd4 Be7 8. Nc3 d5 9. e5 Ne4 10. h3 Bf5 11. Qb3 Na5 12. Qxd5 Qxd5 13. Nxd5 Bd8 14. Nc3 b6 15. Re1 Nxc3 16. bxc3 Be7 17. Bf4 h6 18. Rad1 c6 19. Bd3 Be6 20. Rd2 Rac8 21. Red1 b5 22. Bg3 a6 23. Bh4 g5 24. Bg3 Kg7 25. Nh2 c5 26. Be4 Nc4 27. Re2 f5 28. exf6+ Bxf6 29. Bb7 Rcd8 30. Rxe6 cxd4 31. cxd4 Bxd4 32. Rde1 h5 33. Nf3 h4 34. Bc7 Rd7 35. Nxd4 Rxc7 36. Bxa6 Rff7 37. Bxb5 Nd2 38. Be8 Rf6 39. R6e5 Rc4 40. Rxg5+ Kf8 41. Rf5 Kg7 42. Ne6+ Rxe6 43. Rxe6 Rc1+ 44. Kh2 Nf1+ 45. Kg1 Ng3+ 0-1

[Event "HUN-chT4a 1415"]
[Site "Hungary"]
[Date "2014.11.23"]
[Round "2.2"]
[White "Nagy, Tibor"]
[Black "Hecz, Lajos"]
[Result "1-0"]
[WhiteElo "1794"]
[BlackElo "1539"]
[PlyCount "45"]
[EventDate "2014.10.19"]
[EventType "team-tourn"]
[EventRounds "7"]
[EventCountry "HUN"]
[SourceTitle "EXT 2016"]
[Source "ChessBase"]
[SourceDate "2015.10.08"]
[SourceVersion "1"]
[SourceVersionDate "2015.10.08"]
[SourceQuality "1"]

1. e4 e5 2. Nf3 Nc6 3. Bc4 h6 4. c3 a6 5. 0-0 d6 6. d4 Bg4 7. a3 Qf6 8. d5 Nce7 9. Be2 Bxf3 10. Bxf3 Ng6 11. g3 N8e7 12. Bg2 Nc8 13. Be3 h5 14. Nd2 h4 15. a4 hxg3 16. fxg3 Qe7 17. Rf2 Qd7 18. Qe2 Nce7 19. Raf1 f6 20. Bf3 Qxa4 21. Nc4 Kf7 22. Bg4 Ke8 23. b4 1-0

[Event "HUN-chT4 1314"]
[Site "Hungary"]
[Date "2013.11.10"]
[Round "3.1"]
[White "Koberl, Sandor"]
[Black "Nagy, Tibor"]
[Result "0-1"]
[WhiteElo "1768"]
[BlackElo "1766"]
[PlyCount "128"]
[EventDate "2013.10.13"]
[EventType "team-tourn"]
[EventRounds "11"]
[EventCountry "HUN"]
[SourceTitle "EXT 2016"]
[Source "ChessBase"]
[SourceDate "2015.10.08"]
[SourceVersion "1"]
[SourceVersionDate "2015.10.08"]
[SourceQuality "1"]

1. e4 e5 2. Nf3 d6 3. h3 Nf6 4. d3 Be7 5. Be2 0-0 6. 0-0 Nbd7 7. b3 Re8 8. Bb2 c6 9. Nc3 Nf8 10. d4 Ng6 11. dxe5 dxe5 12. Qxd8 Bxd8 13. Bd3 Be7 14. Kh2 h6 15. g3 Be6 16. Rad1 Rad8 17. Nb1 Rd7 18. Rd2 Red8 19. Rfd1 Re8 20. Ne1 Bb4 21. Bc3 Bxc3 22. Nxc3 b5 23. f3 Red8 24. b4 a6 25. a3 Nh7 26. Ng2 Ng5 27. Rf1 Nxh3 28. f4 exf4 29. gxf4 Bg4 30. Kg3 h5 31. Rh1 f5 32. Rxh3 fxe4 33. Nxe4 Rd4 34. Nf2 Bxh3 35. Nxh3 R8d6 36. Re2 Nf8 37. Nh4 Ne6 38. Nf5 Rxd3+ 39. cxd3 Rxd3+ 40. Re3 Rxe3+ 41. Nxe3 Nd4 42. Nf2 Kf7 43. Ne4 Nb3 44. f5 a5 45. Kh4 axb4 46. axb4 g6 47. f6 Nd4 48. Kg5 Nf3+ 49. Kf4 Nd4 50. Ke5 Nf3+ 51. Kd6 h4 52. Ng4 h3 53. Ne5+ Nxe5 54. Kxe5 h2 55. Ng3 g5 56. Kd6 Kxf6 57. Kxc6 Ke5 58. Kxb5 Kf4 59. Nh1 Kf3 60. Ka6 Kg2 61. b5 Kxh1 62. b6 Kg2 63. b7 h1Q 64. b8Q Qa1+ 0-1

[Event "Mosonmagyarovar op 2nd"]
[Site "Mosonmagyarovar"]
[Date "2013.05.31"]
[Round "2"]
[White "Nagy, Tibor"]
[Black "Pollreisz, Marcell"]
[Result "1-0"]
[WhiteElo "1794"]
[BlackElo "1440"]
[PlyCount "65"]
[EventDate "2013.05.31"]
[EventType "swiss"]
[EventRounds "7"]
[EventCountry "HUN"]
[SourceTitle "EXT 2014"]
[Source "ChessBase"]
[SourceDate "2013.11.20"]
[SourceVersion "1"]
[SourceVersionDate "2013.11.20"]
[SourceQuality "1"]

1. e4 e5 2. Nf3 Nc6 3. c3 Nf6 4. d4 exd4 5. e5 Ne4 6. cxd4 Bb4+ 7. Bd2 Nxd2 8. Nbxd2 d6 9. d5 Nxe5 10. Qa4+ Nd7 11. Qxb4 Nc5 12. Be2 a5 13. Qc3 Qe7 14. 0-0 0-0 15. Rfe1 Na4 16. Qc2 Nb6 17. Bd3 Qf6 18. Bxh7+ Kh8 19. Bd3 Nxd5 20. Ne4 Qg6 21. Neg5 f5 22. Qc4 Nf6 23. Re7 d5 24. Qxc7 d4 25. Qg3 f4 26. Qh4+ Qh5 27. Qxf4 Bd7 28. Qxd4 Bg4 29. Rae1 Rae8 30. Rxe8 Nxe8 31. Nf7+ Kg8 32. N3g5 g6 33. Bxg6 1-0

[Event "HUN-chT4 1112"]
[Site "Hungary"]
[Date "2012.02.26"]
[Round "7.4"]
[White "Banovics, Gabor"]
[Black "Nagy, Tibor"]
[Result "0-1"]
[WhiteElo "1744"]
[BlackElo "1807"]
[PlyCount "76"]
[EventDate "2011.09.11"]
[EventType "team-tourn"]
[EventRounds "9"]
[EventCountry "HUN"]
[SourceTitle "EXT 2016"]
[Source "ChessBase"]
[SourceDate "2015.10.08"]
[SourceVersion "1"]
[SourceVersionDate "2015.10.08"]
[SourceQuality "1"]

1. d4 d5 2. c4 e6 3. Nf3 Nf6 4. Bg5 Be7 5. e3 0-0 6. Bd3 Nbd7 7. 0-0 c6 8. h3 Re8 9. Nc3 dxc4 10. Bxc4 Nd5 11. Bxe7 Qxe7 12. a3 N7f6 13. Qc2 Nd7 14. Rac1 Nf8 15. Rfd1 a5 16. Bxd5 cxd5 17. Na4 Ra6 18. Qc7 Qd6 19. Rc3 Bd7 20. Qxd6 Rxd6 21. Nc5 Bc6 22. Rdc1 Ng6 23. Nd3 f6 24. b4 e5 25. Nc5 axb4 26. axb4 Rb8 27. Nb3 e4 28. Nfd2 f5 29. f3 f4 30. Kf2 fxe3+ 31. Kxe3 Re8 32. fxe4 dxe4 33. Nc4 Rf6 34. Nca5 Nf4 35. R3c2 Nd5+ 36. Ke2 Nxb4 37. Rd2 e3 38. Rdc2 Rf2+ 0-1

[Event "HUN-chT4 1112"]
[Site "Hungary"]
[Date "2012.01.22"]
[Round "5.3"]
[White "Madarasz, Miklos"]
[Black "Nagy, Tibor"]
[Result "0-1"]
[WhiteElo "1724"]
[BlackElo "1807"]
[PlyCount "69"]
[EventDate "2011.09.11"]
[EventType "team-tourn"]
[EventRounds "9"]
[EventCountry "HUN"]
[SourceTitle "EXT 2016"]
[Source "ChessBase"]
[SourceDate "2015.10.08"]
[SourceVersion "1"]
[SourceVersionDate "2015.10.08"]
[SourceQuality "1"]

1. e4 e5 2. Nf3 Nc6 3. Bb5 Nf6 4. Nc3 d6 5. 0-0 Bd7 6. d4 exd4 7. Nxd4 Ne5 8. Bxd7+ Qxd7 9. f4 Ng6 10. Qd3 Be7 11. Kh1 0-0 12. Nf3 Rfd8 13. Bd2 Qg4 14. Ne2 Nh5 15. f5 Ngf4 16. Bxf4 Nxf4 17. Nxf4 Qxf4 18. Rae1 Bf6 19. b3 a6 20. c4 b5 21. Re2 b4 22. Re3 a5 23. Nd4 Qg5 24. Rg3 Qh6 25. Rh3 Qg5 26. Nf3 Qf4 27. Nd4 Qe5 28. Nc6 Qb2 29. Nxd8 Rxd8 30. Qb1 Qe2 31. Rc1 Qf2 32. Rd1 Qe2 33. Qd3 Qxa2 34. Qd5 Qe2 35. Qd3 0-1